| 000 | 00606nam a2200217 a 4500 | ||
|---|---|---|---|
| 999 |
_c3699 _d3699 |
||
| 001 | 3699 | ||
| 003 | BD-JhCC | ||
| 005 | 20171116182856.0 | ||
| 008 | 171116s1998 b ||||| |||| 00| 0 b d | ||
| 020 | _a9843102479 | ||
| 035 | _a(BD-JhCC)3699 | ||
| 040 |
_aBD-JhCC _dBD-JhCC |
||
| 041 | _aben | ||
| 082 |
_a891.4415 _bNOU 1998 |
||
| 100 | _aনওশাদ, রফিক | ||
| 245 |
_aঅন্ধ আয়োজন / _cরফিক নওশাদ |
||
| 260 |
_aঢাকা : _bধাদ্বরুপ, _c১৯৯৮ |
||
| 300 |
_a55 p. : _c22cm. |
||
| 650 | _aCollection of Poem | ||
| 942 |
_2ddc _cBK |
||